[Event "Ruhrgebiet Bezirksliga 16/17"]
[Site "Ruhrgebiet"]
[Date "2017.03.05"]
[Round "9.5"]
[White "Ittner, Ralf"]
[Black "Finke, Wolfgang"]
[Result "1/2-1/2"]
[WhiteElo "1663"]
[BlackElo "1690"]
[PlyCount "65"]
[EventDate "2016.08.28"]
[EventType "team-tourn"]
[EventRounds "11"]
[EventCountry "GER"]
[SourceTitle "EXT 2022"]
[Source "ChessBase"]
[SourceDate "2021.10.06"]
[SourceVersion "1"]
[SourceVersionDate "2021.10.06"]
[SourceQuality "1"]
[WhiteTeam "Hamm Koenigsspringer II"]
[BlackTeam "Kamen SV III"]
[WhiteTeamCountry "GER"]
[BlackTeamCountry "GER"]

1. d4 Nf6 2. Nf3 g6 3. c4 Bg7 4. Nc3 c5 5. e3 0-0 6. Be2 d6 7. 0-0 b6 8. h3 cxd4 9. exd4 Bb7 10. Be3 a6 11. Qb3 Nbd7 12. Rac1 Rc8 13. Na4 e6 14. Rfd1 d5 15. c5 b5 16. Nc3 Nb8 17. a4 Bc6 18. axb5 axb5 19. Bxb5 Bxb5 20. Qxb5 Nc6 21. Ra1 Qc7 22. Ra6 Nb8 23. Ra4 Nc6 24. Rb1 Rb8 25. Qe2 Rb3 26. Nd2 Rb7 27. b4 Nd7 28. Nb5 Qb8 29. Nd6 Ra7 30. Rxa7 Qxa7 31. Nf3 Qa4 32. Qb2 e5 33. dxe5 1/2-1/2

[Event "Ruhrgebiet Bezirksliga 15/16"]
[Site "Ruhrgebiet"]
[Date "2016.01.31"]
[Round "7.6"]
[White "Finke, Wolfgang"]
[Black "Langaditis, Sevastianos"]
[Result "1-0"]
[WhiteElo "1674"]
[BlackElo "1771"]
[PlyCount "49"]
[EventDate "2015.08.30"]
[EventType "team-tourn"]
[EventRounds "9"]
[EventCountry "GER"]
[SourceTitle "EXT 2022"]
[Source "ChessBase"]
[SourceDate "2021.10.06"]
[SourceVersion "1"]
[SourceVersionDate "2021.10.06"]
[SourceQuality "1"]
[WhiteTeam "Kamen SV III"]
[BlackTeam "Unna SV"]
[WhiteTeamCountry "GER"]
[BlackTeamCountry "GER"]

1. c4 e5 2. g3 Nf6 3. Bg2 d6 4. Nc3 Be7 5. d3 Nbd7 6. b4 c6 7. a3 Qc7 8. Qb3 Rb8 9. Be3 b5 10. cxb5 cxb5 11. Rc1 Bb7 12. Nf3 0-0 13. Nxb5 Qd8 14. Nxa7 Bd5 15. Qd1 Ng4 16. Nc6 Nxe3 17. Nxe7+ Qxe7 18. fxe3 Nf6 19. 0-0 Qa7 20. Qd2 Qxa3 21. Rb1 Rfc8 22. Rfc1 Rxc1+ 23. Qxc1 Qxc1+ 24. Rxc1 Rxb4 25. Rc8+ 1-0

[Event "Ruhrgebiet Bezirksliga 15/16"]
[Site "Ruhrgebiet"]
[Date "2015.12.13"]
[Round "5.6"]
[White "Finke, Wolfgang"]
[Black "Zimmer, Sebastian"]
[Result "1-0"]
[WhiteElo "1674"]
[BlackElo "1633"]
[PlyCount "69"]
[EventDate "2015.08.30"]
[EventType "team-tourn"]
[EventRounds "9"]
[EventCountry "GER"]
[SourceTitle "EXT 2022"]
[Source "ChessBase"]
[SourceDate "2021.10.06"]
[SourceVersion "1"]
[SourceVersionDate "2021.10.06"]
[SourceQuality "1"]
[WhiteTeam "Kamen SV III"]
[BlackTeam "Werl SC 1981"]
[WhiteTeamCountry "GER"]
[BlackTeamCountry "GER"]

1. c4 Nf6 2. Nc3 g6 3. g3 Bg7 4. Bg2 0-0 5. e3 c6 6. Nge2 d5 7. cxd5 cxd5 8. d4 Nc6 9. 0-0 a6 10. a3 b5 11. b4 Bb7 12. Qb3 e5 13. dxe5 Nxe5 14. Rd1 Nc4 15. Nd4 Qe7 16. a4 bxa4 17. Nxa4 Nd7 18. Ba3 Rfb8 19. Nc3 Nxe3 20. Nxd5 Nxd5 21. Bxd5 Bxd5 22. Qxd5 Rd8 23. Nc6 Qe8 24. Nxd8 Bxa1 25. Qxd7 Qxd7 26. Rxd7 Bf6 27. Nxf7 Rf8 28. Nd6 Bd4 29. Ne4 Be5 30. b5 Rb8 31. bxa6 Ra8 32. a7 Bg7 33. Bc5 h5 34. Nd2 Bc3 35. Nc4 1-0

[Event "Ruhrgebiet Bezirksliga 15/16"]
[Site "Ruhrgebiet"]
[Date "2015.09.20"]
[Round "2.7"]
[White "Finke, Wolfgang"]
[Black "Rudlof, Juergen"]
[Result "1/2-1/2"]
[WhiteElo "1674"]
[BlackElo "1716"]
[PlyCount "30"]
[EventDate "2015.08.30"]
[EventType "team-tourn"]
[EventRounds "9"]
[EventCountry "GER"]
[SourceTitle "EXT 2022"]
[Source "ChessBase"]
[SourceDate "2021.10.06"]
[SourceVersion "1"]
[SourceVersionDate "2021.10.06"]
[SourceQuality "1"]
[WhiteTeam "Kamen SV III"]
[BlackTeam "Boenen SV II"]
[WhiteTeamCountry "GER"]
[BlackTeamCountry "GER"]

1. Nc3 e5 2. Nf3 Nc6 3. d4 exd4 4. Nxd4 Qf6 5. Nxc6 dxc6 6. g3 Bc5 7. Ne4 Qe7 8. Nxc5 Qxc5 9. Bg2 Be6 10. Bd2 Rd8 11. 0-0 Ne7 12. a3 0-0 13. Bb4 Rxd1 14. Bxc5 Rxf1+ 15. Rxf1 Re8 1/2-1/2